| 000 | 00519nam a2200181 4500 | ||
|---|---|---|---|
| 001 | 131979 | ||
| 003 | ES-MaACL | ||
| 005 | 20230906194101.0 | ||
| 007 | t| | ||
| 008 | 070214s1972 sp r ||||1| spa d | ||
| 100 | 1 |
_aRoig, Montserrat. _999006 |
|
| 245 | 1 | 0 |
_aRamona, adéu _b: (1894-1969) / _cMontserrat Roig. |
| 250 | _a1ª. ed. | ||
| 260 |
_aBarcelona : _bEd. Flamma, _c1972. |
||
| 300 |
_a166 p. ; _c20 cm. |
||
| 500 | _aError de encuadernación, paginación alterada. | ||
| 852 |
_aES-MaACL _jC-49459 _bR.84430 |
||
| 999 |
_c131979 _d131979 |
||